| 000 | 00691nam a2200205 i 4500 | ||
|---|---|---|---|
| 001 | 34303 | ||
| 003 | ES-MaACL | ||
| 005 | 20250712032635.0 | ||
| 007 | t| | ||
| 008 | 030204s1923 sp ||||1| spa d | ||
| 100 | 1 |
_aBlasco Ibáñez, Vicente, _d1867-1928 _929388 |
|
| 245 | 1 | 3 |
_aLa reina Calafia _b: (novela) / _cVicente Blasco Ibáñez. |
| 260 |
_aValencia : _bPrometeo, _c1923. |
||
| 300 |
_a301 p. ; _c20 cm. |
||
| 530 | _aDisponible en formato digital. | ||
| 852 |
_aES-MaACL _jB-2615 _cSPB _zRevisado enlace: 7 de julio de 2025 |
||
| 856 | 4 |
_uhttp://bdh-rd.bne.es/viewer.vm?id=0000089300&page=1 _yBiblioteca Digital Hispánica |
|
| 942 | _2udc | ||
| 999 |
_c34303 _d34303 |
||